Statistics for It's Always Sunny in Philadelphia - hardest quiz ever!

Click here to take the quiz!

General Stats

  • This quiz has been taken 751 times
  • The average score is 21 of 39

Answer Stats

% Correct
Who doesn't get asked to Prom?Mac
89%
What is Mac's full name?Ronald McDonald
86%
How many of Dee's cars have Mac and Charlie crashed?Two
82%
At his old company, Frank is nicknamed The...Warthog
80%
Another of Frank's alter-egos, Doctor...Mantis Toboggan
79%
What does Dee buy with her Welfare money?Jesus chain
77%
Name one of the answers Charlie gives on Family FightDragon, bride, Nightman
77%
What size are Dee's bizarrely huge feet?Size 13
74%
Who do both Mrs Mac and Mrs Kelly find unattractive?Dennis
72%
What are the gang drinking when they get shushed?Gin
70%
What does Frank want to get the Ass Kickers to eat?Shit sandwich
69%
What is the time limit in CharDee MacDennis?15 minutes
68%
What is the name of Frank's 'pretty woman'?Roxy
68%
Who "literally has the worst life imaginable"?Rickety Cricket
68%
What congratulatory gift does Charlie give to Brad Fisher?Box of hornets
64%
Charlie wants his Nazi treaure back, what is it?Dog painting
62%
What is the name of the McPoyle family cow?Mother
62%
What barnyard animal is Dennis asked to model?Mule
61%
How many beers do they need to drink to beat Boggs?71
59%
What was Charlie's nickname in High School?Dirt Grub
52%
Which comedian does Dennis imagine is harassing him?Sinbad
49%
What does Dee buy at the Italian Market?Soul Asylum tape
48%
Dennis and Dee made their own serial killer personas, name onePainter, Psycho Clown
42%
Fish has been established, but what type of fish will cost $44?Snapper Fish
42%
What do the gang do before every school sponsored event?Smash 'em up!
42%
What is 'Plan B'?A dance routine
41%
Who took Liam McPoyle's eye?Pocono Swallow
41%
Dennis tells Dee and Charlie that they will fail and bomb if they get into...Def poetry
40%
Frank and Charlie get naked and go into the sewers to search for...Rings and coins
39%
Charlie gets a real chance to bang the waitress, but is beaten to it bySchmitty
39%
What is the name of Dee's 'streetwise Puerto Rican' characterMartina Martinez
38%
What is 'the greatest band in the world'?Chumbawamba
37%
Name one of the websites used in The Gang Group DatesBunchers, Sparkers, Raters
26%
Mrs Kelly says she needs $4,200 to pay for treatment from...Dr. Jinx
24%
Fill in the blank. 'No .........., no surrender, no man left behind!'hesitation
20%
What name did Dee give to her purple dildoSteven
19%
Who does Uncle Jack accidentally throw his fake hand at?Lion McPoyle
19%
The gang make 'vision boards' after Dee explains which book?The Secret
18%
What is the name of Dee's fake baby?Barnabas Reynolds
17%

Score Distribution

Percentile by Number Answered

Percent of People with Each Score

Your Score History

You have not taken this quiz